Islamic art: (Record no. 17725)

000 -LEADER
fixed length control field 01047cam a2200301 4500
001 - CONTROL NUMBER
control field 1253485
005 - DATE AND TIME OF LATEST TRANSACTION
control field 20161129093356.0
008 - FIXED-LENGTH DATA ELEMENTS--GENERAL INFORMATION
fixed length control field 740315t19741973caua bc l000 0 eng
010 ## - LIBRARY OF CONGRESS CONTROL NUMBER
LC control number 73088144
020 ## - INTERNATIONAL STANDARD BOOK NUMBER
International Standard Book Number 0875870562
040 ## - CATALOGING SOURCE
Original cataloging agency DLC
Transcribing agency DLC
Modifying agency DLC
043 ## - GEOGRAPHIC AREA CODE
Geographic area code n-us-ca
050 00 - LIBRARY OF CONGRESS CALL NUMBER
Classification number N6263.L6L64 1973
Item number L64 1973
110 2# - MAIN ENTRY--CORPORATE NAME
Corporate name or jurisdiction name as entry element Los Angeles County Museum of Art.
245 10 - TITLE STATEMENT
Title Islamic art:
Remainder of title the Nasli M. Heeramaneck Collection, gift of Joan Palevsky.
Statement of responsibility, etc. Edited by Pratapaditya Pal.
260 ## - PUBLICATION, DISTRIBUTION, ETC. (IMPRINT)
Place of publication, distribution, etc. [Los Angeles,
Date of publication, distribution, etc. c1973]
300 ## - PHYSICAL DESCRIPTION
Extent 232 p.
Other physical details illus.
Dimensions 26 cm.
504 ## - BIBLIOGRAPHY, ETC. NOTE
Bibliography, etc Bibliography: p. 230-231.
600 10 - SUBJECT ADDED ENTRY--PERSONAL NAME
Personal name Heeramaneck, Nasli M.
General subdivision Art collections.
610 20 - SUBJECT ADDED ENTRY--CORPORATE NAME
Corporate name or jurisdiction name as entry element Los Angeles County Museum of Art.
650 #0 - SUBJECT ADDED ENTRY--TOPICAL TERM
Topical term or geographic name as entry element Islamic art
Form subdivision Catalogs.
650 #0 - SUBJECT ADDED ENTRY--TOPICAL TERM
Topical term or geographic name as entry element Art
Geographic subdivision California
-- Los Angeles
Form subdivision Catalogs.
700 1# - ADDED ENTRY--PERSONAL NAME
Personal name Pal, Pratapaditya,
Relator term ed.
906 ## - LOCAL DATA ELEMENT F, LDF (RLIN)
a 7
b cbc
c orignew
d 2
e opcn
f 19
g y-gencatlg
942 ## - ADDED ENTRY ELEMENTS (KOHA)
Source of classification or shelving scheme
Koha item type Hard Covered Materials
Classification part N6263.L6L64 1973
Holdings
Withdrawn status Lost status Source of classification or shelving scheme Damaged status Not for loan Home library Current library Shelving location Date acquired Source of acquisition Total Checkouts Full call number Barcode Date last seen Price effective from Koha item type
          MACHAKOS UNIVERSITY LIBRARY MACHAKOS UNIVERSITY LIBRARY Open shelf 29/11/2016 Donation(B.F.A)   N6263.L6L64 1973 28872 29/11/2016 29/11/2016 Hard Covered Materials
© Machakos University Library, Along The Highway, Machakos Wote Rd, Machakos, Kenya P.O. Box 136 - 90100 Machakos - Kenya

Tel: ( +254 ) 723 805829 OR Fax : 044-20353 OR Email: library@mksu.ac.ke